000 00770nam a22002297a 4500
999 _c175654
_d175654
005 20200914105007.0
010 _aENG-128422
020 _c949.00
_a9788131716571
035 _aEN-111954
037 _bDBAD/PUB
082 _a629.132
100 _aKermode, A.C.
245 _aMechanics of Flight/
_cby A.C.Kermode, Revised by R.H. Barnard & D.R
250 _a11th edition
260 _aNoida
_bPearson
_c2020
270 _a15th floor,Tower-B,Word Trade Tower,Plot no.1,Block-C sec 16,
_bNoida
_e201301
_k04466540100
_mcompanysecretary.india@pearson.com
300 _a500p.
_c24cm(pbk)
_bPictures, Illustrations
500 _aIncludes Appendix and Index
700 _aBarnard, R.H
700 _aPhilpott, D.R.
942 _2ddc
_cEN
_h629.132
_mKER